[Event "Bad Breisig Seniors op"]
[Site "Bad Breisig"]
[Date "2009.11.26"]
[Round "6"]
[White "Wittelsberger, Helmut"]
[Black "Buzov, Boris"]
[Result "1/2-1/2"]
[WhiteElo "1959"]
[BlackElo "2132"]
[PlyCount "45"]
[EventDate "2009.11.21"]
[EventType "swiss"]
[EventRounds "9"]
[EventCountry "GER"]
[SourceTitle "EXT 2019"]
[Source "ChessBase"]
[SourceDate "2018.10.10"]
[SourceVersion "1"]
[SourceVersionDate "2018.10.10"]
[SourceQuality "1"]

1. e4 d5 2. exd5 Qxd5 3. Nc3 Qd6 4. Nf3 Nf6 5. h3 a6 6. d4 b5 7. a3 Bb7 8. Be3 e6 9. Be2 Nbd7 10. 0-0 Be7 11. Nd2 Nb6 12. Bf3 Nbd5 13. Nxd5 Bxd5 14. Bxd5 Nxd5 15. Qf3 0-0 16. c4 bxc4 17. Nxc4 Qd8 18. Rac1 Bf6 19. Rfd1 Rb8 20. Ne5 Bxe5 21. dxe5 Qd7 22. Bc5 Rfd8 23. Rd3 1/2-1/2

[Event "GER-ch Seniors 21st"]
[Site "Dresden"]
[Date "2009.08.10"]
[Round "9"]
[White "Sailer, Hans Peter"]
[Black "Wittelsberger, Helmut"]
[Result "1-0"]
[WhiteElo "1930"]
[BlackElo "1973"]
[PlyCount "71"]
[EventDate "2009.08.03"]
[EventType "swiss"]
[EventRounds "9"]
[EventCountry "GER"]
[SourceTitle "CBM 131 Extra"]
[Source "ChessBase"]
[SourceDate "2009.09.03"]
[SourceVersion "2"]
[SourceVersionDate "2009.09.16"]
[SourceQuality "1"]

1. e4 c5 2. Nf3 d6 3. d4 cxd4 4. Nxd4 Nf6 5. Nc3 g6 6. f3 Bg7 7. Be3 0-0 8. Qd2 Nc6 9. Bc4 Bd7 10. h4 h5 11. 0-0-0 Ne5 12. Bb3 a5 13. a4 Rc8 14. g4 Nc4 15. Bxc4 Rxc4 16. gxh5 Nxh5 17. Kb1 Re8 18. b3 Rc8 19. Rhg1 Rc5 20. Ndb5 Rc8 21. Bd4 Bxb5 22. Nxb5 Bxd4 23. Qxd4 Rc5 24. c4 Qc8 25. Qe3 Qh3 26. Rg4 Kh7 27. Rdg1 Rg8 28. Nc3 Nf6 29. Rg5 Rxg5 30. hxg5 Nh5 31. Nd5 e6 32. Nf6+ Nxf6 33. gxf6 Qh4 34. Qc1 Qxf6 35. Rh1+ Kg7 36. Qh6# 1-0

[Event "Seefeld op 18th"]
[Site "Seefeld"]
[Date "2007.09.08"]
[Round "8"]
[White "Wittelsberger, Helmut"]
[Black "Strasser, Josef1111"]
[Result "1-0"]
[WhiteElo "1996"]
[BlackElo "1913"]
[PlyCount "39"]
[EventDate "2007.09.01"]
[EventType "swiss"]
[EventRounds "9"]
[EventCountry "AUT"]
[SourceTitle "EXT 2009"]
[Source "ChessBase"]
[SourceDate "2008.11.26"]
[SourceVersion "1"]
[SourceVersionDate "2008.11.26"]
[SourceQuality "1"]

1. e4 c5 2. d4 cxd4 3. c3 dxc3 4. Nxc3 e6 5. Bf4 d6 6. Nf3 Nc6 7. Bc4 Nf6 8. 0-0 Be7 9. Qe2 a6 10. Rfd1 Qc7 11. Rac1 Qb8 12. e5 dxe5 13. Nxe5 Nxe5 14. Bxe5 Qa7 15. Nb5 axb5 16. Bxb5+ Kf8 17. Rc7 Nd5 18. Rxd5 exd5 19. Bd4 b6 20. Qxe7+ 1-0

[Event "Seefeld op 18th"]
[Site "Seefeld"]
[Date "2007.09.07"]
[Round "7"]
[White "Niebergall, Gerhard"]
[Black "Wittelsberger, Helmut"]
[Result "1-0"]
[WhiteElo "2136"]
[BlackElo "1996"]
[PlyCount "113"]
[EventDate "2007.09.01"]
[EventType "swiss"]
[EventRounds "9"]
[EventCountry "AUT"]
[SourceTitle "EXT 2009"]
[Source "ChessBase"]
[SourceDate "2008.11.26"]
[SourceVersion "1"]
[SourceVersionDate "2008.11.26"]
[SourceQuality "1"]

1. e4 c5 2. Nc3 d6 3. f4 Nc6 4. Nf3 e6 5. Bb5 Bd7 6. d3 Be7 7. 0-0 Nf6 8. Bxc6 Bxc6 9. Bd2 0-0 10. Ne2 Nd7 11. Ng3 e5 12. Nf5 exf4 13. Bxf4 Nf6 14. N3h4 Bd7 15. Nxe7+ Qxe7 16. Bg5 Qe5 17. Bxf6 gxf6 18. c3 Qg5 19. Nf5 Bxf5 20. Rxf5 Qg6 21. Qf3 Rad8 22. Rxf6 Qg7 23. Rf4 Kh8 24. Rf1 Rd7 25. Qh3 Re7 26. Rg4 Qe5 27. Rf5 Qe6 28. Rh5 f6 29. Rgh4 Qxh3 30. Rxh3 Rg8 31. Rf3 Rg6 32. g3 Kg7 33. Rd5 Rd7 34. Kg2 Rg5 35. Rff5 Rxf5 36. Rxf5 Kf7 37. c4 Ke6 38. Kf3 a6 39. Rh5 b5 40. b3 bxc4 41. dxc4 a5 42. Kf4 Rb7 43. g4 a4 44. Rh6 axb3 45. axb3 Rxb3 46. g5 Rc3 47. Rxf6+ Ke7 48. Rh6 Rxc4 49. Kf5 Rc2 50. Rxh7+ Kf8 51. h4 c4 52. h5 c3 53. Rc7 Rf2+ 54. Kg6 Re2 55. h6 Rxe4 56. h7 Re6+ 57. Kh5 1-0

[Event "SVR-ch Seniors 29th"]
[Site "Koblenz"]
[Date "2006.04.08"]
[Round "2"]
[White "Kunze, Christian"]
[Black "Wittelsberger, Helmut"]
[Result "0-1"]
[WhiteElo "1565"]
[BlackElo "2026"]
[PlyCount "80"]
[EventDate "2006.04.07"]
[EventType "swiss"]
[EventRounds "7"]
[EventCountry "GER"]
[SourceTitle "EXT 2009"]
[Source "ChessBase"]
[SourceDate "2008.11.26"]
[SourceVersion "1"]
[SourceVersionDate "2008.11.26"]
[SourceQuality "1"]

1. e4 c5 2. Nf3 d6 3. d4 cxd4 4. Nxd4 Nf6 5. Nc3 g6 6. Be2 Bg7 7. 0-0 Nc6 8. Be3 Bd7 9. Rb1 0-0 10. a3 a6 11. Bf3 Ne5 12. Be2 Rc8 13. f4 Nc4 14. Bxc4 Rxc4 15. Qd3 Ng4 16. Rbd1 Nxe3 17. Qxe3 Qb6 18. e5 dxe5 19. fxe5 Be6 20. b3 Rcc8 21. Rd3 Qc7 22. Re1 b5 23. Qg3 Qb6 24. Qf2 Rfd8 25. Nd1 Bd5 26. Kh1 e6 27. Qd2 Bb7 28. b4 Rd5 29. Nf3 Rcd8 30. Nb2 Qc7 31. Qc3 Qb6 32. a4 Rc8 33. Qb3 Qf2 34. c4 bxc4 35. Nxc4 Rxd3 36. Qxd3 Bxf3 37. Rg1 Bd5 38. Ne3 Rd8 39. Qxa6 Qxe3 40. b5 Bxg2+ 0-1

[Event "Bad Woerishofen Seniors opA 22th"]
[Site "Bad Woerishofen"]
[Date "2006.03.24"]
[Round "8"]
[White "Reichwald, Klaus Dieter"]
[Black "Wittelsberger, Helmut"]
[Result "0-1"]
[WhiteElo "1741"]
[BlackElo "1790"]
[PlyCount "84"]
[EventDate "2006.03.17"]
[EventType "swiss"]
[EventRounds "9"]
[EventCountry "GER"]
[SourceTitle "EXT 2022"]
[Source "ChessBase"]
[SourceDate "2021.10.06"]
[SourceVersion "1"]
[SourceVersionDate "2021.10.06"]
[SourceQuality "1"]

1. e4 c5 2. Nc3 d6 3. g3 Bd7 4. Bg2 Bc6 5. Nge2 g6 6. 0-0 Bg7 7. d3 Nf6 8. Bg5 Nbd7 9. Qd2 0-0 10. Bh6 Re8 11. Bxg7 Kxg7 12. a4 a5 13. b3 e6 14. Qg5 h6 15. Qd2 d5 16. exd5 exd5 17. Rae1 d4 18. Bxc6 dxc3 19. Nxc3 bxc6 20. Rxe8 Qxe8 21. Re1 Qf8 22. Ne4 Nxe4 23. Rxe4 Re8 24. Qxa5 Rxe4 25. dxe4 Qe7 26. Qc3+ Qf6 27. Qxf6+ Kxf6 28. f4 Ke6 29. c4 Kd6 30. Kf2 Kc7 31. Kf3 Nf8 32. f5 Kd6 33. Kf4 g5+ 34. Ke3 Nd7 35. h3 Ke5 36. Kd3 f6 37. Ke3 Nb8 38. a5 Na6 39. Kd3 Nb4+ 40. Ke3 h5 41. g4 h4 42. Kf3 Kd4 0-1

[Event "Bad Woerishofen Seniors opA 22th"]
[Site "Bad Woerishofen"]
[Date "2006.03.19"]
[Round "3"]
[White "Wittelsberger, Helmut"]
[Black "Winter, Bernd"]
[Result "0-1"]
[WhiteElo "1790"]
[BlackElo "1840"]
[PlyCount "126"]
[EventDate "2006.03.17"]
[EventType "swiss"]
[EventRounds "9"]
[EventCountry "GER"]
[SourceTitle "EXT 2022"]
[Source "ChessBase"]
[SourceDate "2021.10.06"]
[SourceVersion "1"]
[SourceVersionDate "2021.10.06"]
[SourceQuality "1"]

1. e4 c5 2. d4 cxd4 3. c3 d6 4. Bc4 Nf6 5. Qe2 Qc7 6. Bb3 e6 7. Nf3 Nc6 8. 0-0 d3 9. Qxd3 Be7 10. Bg5 0-0 11. Bc2 e5 12. h3 h6 13. Bxf6 Bxf6 14. Nbd2 Be6 15. Bb3 Rad8 16. Bd5 Be7 17. a3 Kh8 18. c4 Bd7 19. Rad1 a5 20. Rb1 Nb8 21. b4 axb4 22. axb4 f5 23. exf5 Bxf5 24. Ne4 Nd7 25. Qe3 Nf6 26. Rbc1 Nxe4 27. Bxe4 Bxe4 28. Qxe4 Rf4 29. Qd5 Rdf8 30. Rfe1 Qc6 31. b5 Qxd5 32. cxd5 Bd8 33. Rc8 Bb6 34. Rxf8+ Rxf8 35. Re4 Ra8 36. Nh4 Ra1+ 37. Kh2 Bxf2 38. Nf5 Bg1+ 39. Kg3 Ra3+ 40. Kg4 Bc5 41. Kh5 b6 42. Rg4 Ra7 43. Rg6 Rd7 44. Re6 Kh7 45. Ne7 Bb4 46. g4 Bd2 47. Ng6 Rd8 48. h4 Bb4 49. Re7 Ra8 50. Re6 Bc5 51. Re7 Bd4 52. Re6 Bc5 53. Re7 Bd4 54. g5 hxg5 55. hxg5 Ra1 56. Nf8+ Kg8 57. Ne6 Bb2 58. Kg6 Ra8 59. Rxg7+ Kh8 60. Rh7+ Kg8 61. Rh4 Ra1 62. Kf5 Rf1+ 63. Nf4 Bc1 0-1

[Event "Chiemgau Seniors Cup 1st"]
[Site "Bergen"]
[Date "2005.10.19"]
[Round "9"]
[White "Wittelsberger, Helmut"]
[Black "Strozewski, Guenter"]
[Result "1-0"]
[WhiteElo "2036"]
[BlackElo "1631"]
[PlyCount "47"]
[EventDate "2005.10.11"]
[EventType "swiss"]
[EventRounds "9"]
[EventCountry "GER"]
[SourceTitle "EXT 2007"]
[Source "ChessBase"]
[SourceDate "2006.11.23"]
[SourceVersion "1"]
[SourceVersionDate "2006.11.23"]
[SourceQuality "1"]

1. e4 e5 2. Nf3 Nc6 3. d4 exd4 4. c3 dxc3 5. Nxc3 Bb4 6. Bc4 Qe7 7. 0-0 Bxc3 8. bxc3 h6 9. e5 Na5 10. Bd3 b6 11. Nd4 g6 12. a4 Nb7 13. Re1 Qd8 14. Ba3 Ne7 15. Nb5 0-0 16. Bxe7 Qxe7 17. Nxc7 Rb8 18. Nd5 Qc5 19. c4 Kg7 20. Qf3 Nd8 21. Qf6+ Kh7 22. Ne7 Rg8 23. Nxg8 Bb7 24. Ne7 1-0

[Event "Chiemgau Seniors Cup 1st"]
[Site "Bergen"]
[Date "2005.10.18"]
[Round "8"]
[White "Wieprecht, Gerhard"]
[Black "Wittelsberger, Helmut"]
[Result "0-1"]
[WhiteElo "1949"]
[BlackElo "2036"]
[PlyCount "156"]
[EventDate "2005.10.11"]
[EventType "swiss"]
[EventRounds "9"]
[EventCountry "GER"]
[SourceTitle "EXT 2007"]
[Source "ChessBase"]
[SourceDate "2006.11.23"]
[SourceVersion "1"]
[SourceVersionDate "2006.11.23"]
[SourceQuality "1"]

1. e4 c5 2. Nf3 d6 3. d4 cxd4 4. Nxd4 Nf6 5. Nc3 g6 6. Be3 Bg7 7. f3 Nc6 8. Qd2 0-0 9. Bc4 Bd7 10. Bb3 Rc8 11. 0-0 a6 12. Rad1 Ne5 13. Qf2 Nc4 14. Bxc4 Rxc4 15. Nb3 Qc8 16. Na5 Rb4 17. Nb3 Rc4 18. a3 Qa8 19. Na5 Rcc8 20. Bb6 Be6 21. Nd5 Bxd5 22. exd5 Nd7 23. Bd4 Bxd4 24. Rxd4 Rc7 25. Nb3 Qc8 26. c3 Rc4 27. Re1 Rxd4 28. Nxd4 Re8 29. Qh4 Nf6 30. Qg5 Qc5 31. Qh6 Qxd5 32. Qc1 e6 33. Rd1 Qc5 34. Kh1 Rc8 35. Ne2 d5 36. Qf4 Qe7 37. Qd2 Nd7 38. Nf4 Qf6 39. Ne2 Nb6 40. b3 Nd7 41. c4 Nc5 42. cxd5 Nxb3 43. Qb4 Qb2 44. d6 Qc2 45. Re1 Rd8 46. Nd4 Nxd4 47. Qxd4 Qc6 48. Rd1 Rd7 49. h3 b6 50. Rd3 Qc5 51. Qxc5 bxc5 52. Rc3 Rxd6 53. Rxc5 Rd5 54. Rc6 Ra5 55. Rc3 h5 56. Kg1 Kg7 57. Kf2 Kf6 58. Ke3 Ra4 59. Rb3 h4 60. Rd3 g5 61. Rb3 e5 62. Rb6+ Kf5 63. Rb3 f6 64. Rd3 Ke6 65. Rb3 Kd5 66. Kd3 f5 67. Rc3 e4+ 68. fxe4+ Rxe4 69. Rc8 Ra4 70. Rc3 g4 71. Ke2 g3 72. Rf3 Ke5 73. Re3+ Re4 74. Kd3 Rxe3+ 75. Kxe3 f4+ 76. Kf3 Kf5 77. Ke2 Ke4 78. Kd2 f3 0-1

[Event "Bad Woerishofen Seniors op 21st"]
[Site "Bad Woerishofen"]
[Date "2005.03.10"]
[Round "8"]
[White "Luecke, Volkmar"]
[Black "Wittelsberger, Helmut"]
[Result "1/2-1/2"]
[WhiteElo "1863"]
[BlackElo "1794"]
[PlyCount "104"]
[EventDate "2005.03.03"]
[EventType "swiss"]
[EventRounds "9"]
[EventCountry "GER"]
[SourceTitle "EXT 2006"]
[Source "ChessBase"]
[SourceDate "2005.11.24"]
[SourceVersion "1"]
[SourceVersionDate "2005.11.24"]
[SourceQuality "1"]

1. Nf3 Nf6 2. g3 d5 3. Bg2 e6 4. 0-0 Bd6 5. d4 c5 6. c4 dxc4 7. dxc5 Bxc5 8. Qxd8+ Kxd8 9. Bg5 Ke7 10. Ne5 Rd8 11. e3 Nbd7 12. Nxc4 h6 13. Bxf6+ Nxf6 14. Nc3 Rb8 15. a3 a6 16. b4 Ba7 17. Rad1 Rxd1 18. Rxd1 Bd7 19. Ne5 Rc8 20. Nxd7 Nxd7 21. Ne4 Bb8 22. Nd2 Rc7 23. Nb3 b6 24. Nd4 Kd8 25. a4 Rc4 26. Nc6+ Kc7 27. Rxd7+ Kxd7 28. Nxb8+ Kd6 29. Nxa6 Rc1+ 30. Bf1 Ra1 31. a5 bxa5 32. bxa5 Rxa5 33. Nb4 Ra1 34. Kg2 e5 35. Nc2 Rc1 36. Nb4 f6 37. Be2 Rb1 38. Nd3 Ra1 39. Bf3 f5 40. e4 Ra3 41. Nc1 fxe4 42. Bxe4 Ke6 43. Nd3 Kf6 44. Kf3 Rc3 45. h4 h5 46. Ke3 Ra3 47. Bf3 g6 48. Be4 Rb3 49. f4 exf4+ 50. Kxf4 Rb5 51. Ke3 g5 52. hxg5+ Kxg5 1/2-1/2

[Event "Bad Woerishofen Seniors op 21st"]
[Site "Bad Woerishofen"]
[Date "2005.03.08"]
[Round "6"]
[White "Reichwald, Klaus Dieter"]
[Black "Wittelsberger, Helmut"]
[Result "1/2-1/2"]
[WhiteElo "1716"]
[BlackElo "1794"]
[PlyCount "82"]
[EventDate "2005.03.03"]
[EventType "swiss"]
[EventRounds "9"]
[EventCountry "GER"]
[SourceTitle "EXT 2006"]
[Source "ChessBase"]
[SourceDate "2005.11.24"]
[SourceVersion "1"]
[SourceVersionDate "2005.11.24"]
[SourceQuality "1"]

1. e4 c5 2. Nc3 d6 3. g3 Nc6 4. Bg2 g6 5. Nge2 Bg7 6. d3 e5 7. 0-0 Nge7 8. f4 0-0 9. Bd2 Bg4 10. h3 Bxe2 11. Nxe2 exf4 12. Bxf4 Qd7 13. c3 d5 14. Qd2 dxe4 15. dxe4 Qxd2 16. Bxd2 Rad8 17. Be3 b6 18. Rad1 Ne5 19. Nf4 Nc4 20. Bc1 Ne5 21. Nd5 N7c6 22. g4 h6 23. Rd2 Kh8 24. Rdf2 Nd3 25. Rd2 Nce5 26. Rfd1 Nxc1 27. Rxc1 Rd6 28. Rcd1 Rfd8 29. Rf1 Bf6 30. Re2 Bg5 31. Kh2 Bh4 32. Rd1 Kg7 33. Rf1 Rb8 34. Kg1 Re8 35. Kh1 f6 36. Rd2 Nc4 37. Rc2 Bg5 38. Rd1 Red8 39. Re1 Re8 40. Rd1 Red8 41. Rf1 Bh4 1/2-1/2

[Event "Bad Wildungen Seniors op-B 1st"]
[Site "Bad Wildungen"]
[Date "2004.07.08"]
[Round "6"]
[White "Wittelsberger, Helmut"]
[Black "Janzen, Christian"]
[Result "1-0"]
[WhiteElo "1810"]
[BlackElo "1603"]
[PlyCount "101"]
[EventDate "2004.07.03"]
[EventType "swiss"]
[EventRounds "9"]
[EventCountry "GER"]
[SourceTitle "EXT 2006"]
[Source "ChessBase"]
[SourceDate "2005.11.24"]
[SourceVersion "1"]
[SourceVersionDate "2005.11.24"]
[SourceQuality "1"]

1. e4 e5 2. Nf3 Qe7 3. Bc4 d6 4. Nc3 c6 5. 0-0 Be6 6. Be2 c5 7. Bb5+ Nc6 8. Nd5 Qd7 9. Ng5 Be7 10. Nxe6 fxe6 11. Ne3 a6 12. Be2 Nf6 13. d3 g6 14. c3 b5 15. f4 exf4 16. Rxf4 e5 17. Rf1 h5 18. Nd5 Nxd5 19. exd5 Na7 20. Be3 0-0-0 21. a4 Kb7 22. axb5 axb5 23. b4 Ra8 24. bxc5 dxc5 25. Bf3 Bd6 26. Be4 Rhg8 27. Bg5 Raf8 28. Rxf8 Bxf8 29. Qb3 Bd6 30. Qa2 Kb8 31. Be3 Rg7 32. Rb1 Qb7 33. Rf1 Nc8 34. Rf6 Qd7 35. Qa6 g5 36. Bf5 Qd8 37. Qxc8+ Qxc8 38. Bxc8 Kc7 39. Be6 b4 40. cxb4 cxb4 41. Bc1 Bc5+ 42. Kf1 Bd4 43. d6+ Kxd6 44. Bc4+ Kc5 45. Ke2 Rb7 46. Bb3 Ra7 47. Kd2 Bg1 48. h3 Bh2 49. Kc2 Rc7 50. Be3+ Kb5+ 51. Bc4+ 1-0